At a glance main office markets in Western Europe (Record no. 83962)
[ view plain ]
| 000 -LEADER | |
|---|---|
| fixed length control field | 01681cab a22002175a 4500 |
| 001 - CONTROL NUMBER | |
| control field | L156180 |
| 008 - FIXED-LENGTH DATA ELEMENTS--GENERAL INFORMATION | |
| fixed length control field | 120502e2012 xxk 000 0 eng d |
| 035 ## - SYSTEM CONTROL NUMBER | |
| System control number | (Sirsi) u156180 |
| 041 0# - LANGUAGE CODE | |
| Language code of text/sound track or separate title | eng |
| 110 2# - MAIN ENTRY--CORPORATE NAME | |
| Corporate name or jurisdiction name as entry element | BNP Paribas Real Estate |
| 9 (RLIN) | 5715 |
| 245 00 - TITLE STATEMENT | |
| Title | At a glance main office markets in Western Europe |
| Remainder of title | Q1 2012 |
| Medium | [electronic resource] |
| 260 ## - PUBLICATION, DISTRIBUTION, ETC. | |
| Place of publication, distribution, etc. | Paris |
| Name of publisher, distributor, etc. | BNP Paribas |
| Date of publication, distribution, etc. | 2012 |
| 490 #0 - SERIES STATEMENT | |
| Series statement | BNP Paribas Real Estate at a Glance Main Office Markets in Western Europe |
| Volume/sequential designation | Q1 2012 |
| 520 ## - SUMMARY, ETC. | |
| Summary, etc. | Economic downturn ends vacancy rate decline. The downward trend for office demand in the second half of 2011 was confirmed in early 2012. Q1 2012 saw weaker activity in most of the nine primary Western European office markets compared to the same period last year. Net absorption decreased due to the low level of completions in Q1 2012. Consequently the average vacancy rate across the markets stabilised after several consecutive quarterly declines. On a rolling year basis office investment in the nine markets gained momentum over the previous quarter. |
| 520 ## - SUMMARY, ETC. | |
| Summary, etc. | Graphs: take-up; investment; prime rent and vacancy rate; prime yield. Charts: office take-up and prime rents; office take-up and prime rents; office supply and vacancy rate; office investment volume and prime yields; take-up; investment. Main office market indicators: occupier markets; investment markets. |
| 590 ## - LOCAL NOTE (RLIN) | |
| Local note | KA |
| 651 #4 - SUBJECT ADDED ENTRY--GEOGRAPHIC NAME | |
| Geographic name | Europe |
| 690 ## - LOCAL SUBJECT ADDED ENTRY--TOPICAL TERM (OCLC, RLIN) | |
| Topical term or geographic name as entry element | Commercial property |
| 9 (RLIN) | 6227 |
| 856 40 - ELECTRONIC LOCATION AND ACCESS | |
| Uniform Resource Identifier | <a href="https://www.realestate.bnpparibas.com/bnppre/overview-economic-downturn-ends-vacancy-rate-decline-april-2012-p_1541041">https://www.realestate.bnpparibas.com/bnppre/overview-economic-downturn-ends-vacancy-rate-decline-april-2012-p_1541041</a> |
| Public note | View the report after creating an account (free) at www.realestate.bnpparibas.com |
| 942 ## - ADDED ENTRY ELEMENTS (KOHA) | |
| Suppress in OPAC | 0 |
| Withdrawn status | Lost status | Source of classification or shelving scheme | Damaged status | Not for loan | Home library | Current library | Shelving location | Date acquired | Total Checkouts | Full call number | Barcode | Date last seen | Copy number | Price effective from | Koha item type |
|---|---|---|---|---|---|---|---|---|---|---|---|---|---|---|---|
| Dewey Decimal Classification | Virtual | Virtual | Online | 02/05/2012 | ONLINE PUBLICATION | 156180-2001 | 06/08/2019 | 1 | 06/08/2019 | Book |